[Event "Roquetas de Mar op 36th"]
[Site "Roquetas de Mar"]
[Date "2025.01.04"]
[Round "5"]
[White "Portero Rubio, Martin"]
[Black "Silva Lucena, Cristian"]
[Result "1-0"]
[WhiteElo "2122"]
[BlackElo "2317"]
[PlyCount "115"]
[EventDate "2025.01.02"]
[EventType "swiss"]
[EventRounds "9"]
[EventCountry "ESP"]
[SourceTitle "CB02_2025"]
[SourceDate "2025.01.08"]
[SourceVersion "1"]
[SourceVersionDate "2025.01.08"]
[SourceQuality "1"]

1. e4 c5 2. Nf3 e6 3. d4 cxd4 4. Nxd4 Nc6 5. a3 Nf6 6. Nc3 d6 7. Be3 a6 8. Bc4 Qc7 9. Qe2 Bd7 10. 0-0-0 Rc8 11. Bd3 Ne5 12. f3 h5 13. g3 Be7 14. h3 Nc4 15. Bxc4 Qxc4 16. g4 h4 17. Qf2 g5 18. Qd2 Nh7 19. Kb1 Rg8 20. Nde2 Nf8 21. Rhf1 Qc7 22. f4 Ng6 23. fxg5 Ne5 24. b3 b5 25. Kb2 a5 26. Nd4 Qb7 27. Nf3 b4 28. axb4 axb4 29. Na2 Qxe4 30. Nxe5 Qxe5+ 31. Bd4 Qxg5 32. Qf2 Qg6 33. Nxb4 Bb5 34. Rfe1 Qg5 35. c4 Bd7 36. Nd5 Rg6 37. Nxe7 Qxe7 38. Rf1 e5 39. Bc3 Be6 40. Qb6 d5 41. Qb5+ Bd7 42. Qxd5 Bc6 43. Qxe5 Qxe5 44. Bxe5 Bg2 45. Rfe1 Bxh3 46. Bf6+ Kf8 47. g5 Bg2 48. Rd4 h3 49. Red1 Re8 50. Rh4 Rc8 51. Rd7 Bc6 52. Rd3 Bg2 53. Rh7 Rb8 54. Rd7 Rc8 55. Rdxf7+ Ke8 56. Ra7 Kf8 57. Rh8+ Rg8 58. Bg7+ 1-0

[Event "Benidorm Bali op-A 21st"]
[Site "Benidorm"]
[Date "2024.11.29"]
[Round "1"]
[White "Portero Rubio, Martin"]
[Black "Marin, Mihail"]
[Result "0-1"]
[WhiteElo "2053"]
[BlackElo "2431"]
[PlyCount "138"]
[EventDate "2024.11.29"]
[EventType "swiss"]
[EventRounds "9"]
[EventCountry "ESP"]
[SourceTitle "CB50_2024"]
[SourceDate "2024.11.01"]
[SourceVersion "1"]
[SourceVersionDate "2024.11.01"]
[SourceQuality "2"]

1. e4 g6 2. d4 Bg7 3. Nf3 d6 4. Nc3 a6 5. a4 Nf6 6. Be2 0-0 7. 0-0 b6 8. Re1 e6 9. Bf1 Bb7 10. h3 Nc6 11. Bg5 h6 12. Bh4 Ne7 13. Bd3 Nd7 14. Qd2 c5 15. Bf1 cxd4 16. Nxd4 Nf6 17. Rad1 g5 18. Bg3 Rc8 19. f3 Ng6 20. Nb3 d5 21. exd5 Nxd5 22. Ne4 Ndf4 23. Nd6 Rb8 24. Nxb7 Qxd2 25. Rxd2 Rxb7 26. c3 Ra8 27. Red1 Bf6 28. Rd7 Rxd7 29. Rxd7 Ne5 30. Rd2 Nxh3+ 31. Kh2 Nf4 32. Bxf4 gxf4 33. Rd6 Bd8 34. Rd4 Bc7 35. Kh3 Kf8 36. Rxf4 Nd3 37. Rc4 Nf2+ 38. Kh4 Bd8+ 39. Kg3 Nd1 40. Rd4 Nxb2 41. Kf2 b5 42. Nc5 Nxa4 43. Nxa4 bxa4 44. Rxa4 Bb6+ 45. Kg3 a5 46. Bb5 Rc8 47. c4 Ke7 48. Kf4 h5 49. Ra1 Rg8 50. Ra2 f5 51. c5 Bxc5 52. Rxa5 Rxg2 53. Bf1 Bd6+ 54. Ke3 Rc2 55. Ra7+ Kf6 56. Rh7 Kg6 57. Rh8 Be5 58. Rg8+ Bg7 59. Bd3 Rc3 60. Kd2 Ra3 61. Re8 e5 62. Re6+ Kg5 63. Re7 Kf6 64. Rb7 h4 65. Rb1 Bh6+ 66. Kc2 h3 67. Rh1 h2 68. Be2 Ra2+ 69. Kd3 Rd2+ 0-1

[Event "Benidorm op-A"]
[Site "Benidorm"]
[Date "2024.10.28"]
[Round "2"]
[White "Portero Rubio, Martin"]
[Black "Redzisz, Michal"]
[Result "0-1"]
[WhiteElo "2117"]
[BlackElo "2259"]
[PlyCount "238"]
[EventDate "2024.10.27"]
[EventType "swiss"]
[EventRounds "9"]
[EventCountry "ESP"]
[SourceTitle "CB45_2024"]
[Source "ChessBase"]
[SourceDate "2024.11.06"]
[SourceVersion "1"]
[SourceVersionDate "2024.11.06"]
[SourceQuality "1"]

1. e4 c5 2. Nf3 d6 3. c3 Nf6 4. h3 Nbd7 5. Bd3 e5 6. Bc2 Be7 7. 0-0 0-0 8. d4 Qc7 9. Re1 Re8 10. d5 b5 11. a4 bxa4 12. Bxa4 Rf8 13. Nbd2 Nb6 14. Bc2 Ne8 15. g4 g6 16. Nf1 Ng7 17. Bh6 f5 18. gxf5 gxf5 19. Ng3 f4 20. Nf5 Bxf5 21. exf5 Rf7 22. Kh2 Kh8 23. Rg1 Rg8 24. Qd3 Bf6 25. Ng5 Bxg5 26. Rxg5 c4 27. Qe4 Ne8 28. Rxg8+ Kxg8 29. Rg1+ Kh8 30. Qg2 Nf6 31. Be4 Qe7 32. f3 Na8 33. Kh1 Nc7 34. Qe2 Nce8 35. Qxc4 Nxe4 36. Qxe4 Qh4 37. Bxf4 Qxf4 38. Qxf4 exf4 39. Re1 Ng7 40. f6 Rxf6 41. Re7 Nf5 42. Rxa7 Ne3 43. b4 Nxd5 44. b5 Nb6 45. Rc7 d5 46. Kg1 Kg8 47. Kf2 Re6 48. h4 h5 49. Kf1 Na4 50. c4 dxc4 51. Rxc4 Nb6 52. Rxf4 Re5 53. Rb4 Kf7 54. Kf2 Kf6 55. Kg3 Rc5 56. Rf4+ Kg6 57. Rb4 Nd5 58. Rb3 Nb6 59. Rb4 Rc4 60. Rb1 Kf5 61. Rd1 Rc5 62. Rd6 Nd5 63. b6 Rb5 64. b7 Nf6 65. Ra6 Rxb7 66. Ra5+ Kg6 67. Rg5+ Kf7 68. Ra5 Rd7 69. Rb5 Rd5 70. Rb6 Ra5 71. Rc6 Kg6 72. Rb6 Kf5 73. Rc6 Ke5 74. Rb6 Nd5 75. Rg6 Ne7 76. f4+ Kd4 77. Rd6+ Rd5 78. Re6 Nf5+ 79. Kh3 Rb5 80. Re8 Rb3+ 81. Kg2 Nxh4+ 82. Kh2 Rb5 83. Kh3 Ng6 84. Rg8 Nxf4+ 85. Kh4 Ke4 86. Re8+ Re5 87. Rg8 Re6 88. Ra8 Kf5 89. Rf8+ Ke4 90. Ra8 Kf3 91. Ra3+ Re3 92. Ra4 Re5 93. Ra3+ Ke4 94. Ra6 Ng2+ 95. Kh3 Kf3 96. Ra3+ Ne3 97. Kh4 Rb5 98. Rc3 Kf4 99. Rc7 Ng2+ 100. Kh3 Ne1 101. Rf7+ Rf5 102. Rg7 Nf3 103. Ra7 Kg5 104. Rg7+ Kh6 105. Ra7 Ne5 106. Ra6+ Kg5 107. Ra8 Ng6 108. Kg3 h4+ 109. Kh3 Rf3+ 110. Kg2 Kg4 111. Rg8 Rf6 112. Kh2 Ra6 113. Kg2 Ra2+ 114. Kh1 Kf5 115. Rb8 Ne5 116. Rh8 Kg4 117. Rb8 Ra1+ 118. Kg2 h3+ 119. Kf2 h2 0-1

[Event "Iberoamerican-ch 10th"]
[Site "Linares"]
[Date "2024.09.25"]
[Round "2"]
[White "Fier, Alexandr"]
[Black "Portero Rubio, Martin"]
[Result "1-0"]
[WhiteElo "2551"]
[BlackElo "2043"]
[PlyCount "85"]
[EventDate "2024.09.25"]
[EventType "swiss"]
[EventRounds "9"]
[EventCountry "ESP"]
[SourceTitle "EXT 2025"]
[Source "ChessBase"]
[SourceDate "2024.10.14"]
[SourceVersion "1"]
[SourceVersionDate "2024.10.14"]
[SourceQuality "1"]

1. e4 c5 2. Nf3 d6 3. d4 cxd4 4. Nxd4 Nf6 5. Nc3 a6 6. Be3 e5 7. Nb3 Be7 8. f3 Be6 9. Qd2 h5 10. 0-0-0 Nbd7 11. h3 Qc7 12. Bd3 b5 13. Kb1 b4 14. Nd5 Bxd5 15. exd5 a5 16. Bb5 0-0 17. g4 h4 18. Bc6 Rab8 19. f4 a4 20. Bxa4 Rfc8 21. Bc6 exf4 22. Bxf4 Ne5 23. Bxe5 dxe5 24. Qe1 Rb6 25. g5 Nh5 26. g6 fxg6 27. Qe4 Ng3 28. Qc4 Qd6 29. Rhe1 Rd8 30. Na5 e4 31. Qb3 Kh7 32. Nc4 Qc5 33. Nxb6 Qxb6 34. a4 Bd6 35. Qc4 Rf8 36. Qb5 Qf2 37. Qc4 g5 38. Bb5 e3 39. Qd3+ Nf5 40. Rf1 g6 41. Rxf2 exf2 42. Qe4 Ng3 43. Qe6 1-0

[Event "Titled Tuesday intern op 17th Sep Early"]
[Site "Chess,com INT"]
[Date "2024.09.17"]
[Round "11"]
[White "Cuellar Montes, Alejandro"]
[Black "Portero Rubio, Martin"]
[Result "1-0"]
[WhiteElo "2190"]
[BlackElo "2043"]
[PlyCount "61"]
[EventDate "2024.09.17"]
[EventType "swiss (blitz)"]
[EventRounds "11"]
[EventCountry "USA"]
[SourceTitle "EXT 2025"]
[Source "ChessBase"]
[SourceDate "2024.10.14"]
[SourceVersion "1"]
[SourceVersionDate "2024.10.14"]
[SourceQuality "1"]

1. e4 c5 2. Nf3 d6 3. d4 cxd4 4. Nxd4 Nf6 5. Nc3 a6 6. Bg5 e6 7. f4 Nbd7 8. Bc4 Qb6 9. a3 Be7 10. Qd2 h6 11. Bxf6 Bxf6 12. 0-0-0 Qc7 13. Bxe6 fxe6 14. Nxe6 Qb6 15. e5 dxe5 16. Nd5 Qc6 17. Nec7+ Kf7 18. Nxa8 exf4 19. Nxf6 Nxf6 20. Qxf4 Be6 21. Qc7+ Qxc7 22. Nxc7 Bf5 23. Nd5 Ne4 24. Rhf1 Ke6 25. Nc7+ Ke7 26. Rxf5 Rc8 27. Re5+ Kf6 28. Rxe4 Rxc7 29. Rf1+ Kg6 30. Re6+ Kh7 31. c3 1-0

[Event "Titled Tuesday intern op 17th Sep Early"]
[Site "Chess,com INT"]
[Date "2024.09.17"]
[Round "1"]
[White "Portero Rubio, Martin"]
[Black "Feuerstack, Aljoscha"]
[Result "1-0"]
[WhiteElo "2043"]
[BlackElo "2466"]
[PlyCount "67"]
[EventDate "2024.09.17"]
[EventType "swiss (blitz)"]
[EventRounds "11"]
[EventCountry "USA"]
[SourceTitle "EXT 2025"]
[Source "ChessBase"]
[SourceDate "2024.10.14"]
[SourceVersion "1"]
[SourceVersionDate "2024.10.14"]
[SourceQuality "1"]

1. e4 c6 2. Nf3 d5 3. d3 g6 4. Qe2 Bg7 5. g3 Nf6 6. Bg2 0-0 7. 0-0 a5 8. e5 Ne8 9. d4 Bg4 10. Nbd2 c5 11. c3 cxd4 12. cxd4 Nc6 13. Qd3 Qb6 14. h3 Bf5 15. Qb3 Qa7 16. g4 Be4 17. Qe3 Bxf3 18. Nxf3 Nc7 19. Bd2 Ne6 20. Bc3 Nb4 21. Qd2 Rfc8 22. Ne1 Rc4 23. a3 Nc6 24. Bxd5 Rxd4 25. Bxd4 Nexd4 26. Nf3 Nxf3+ 27. Bxf3 Nxe5 28. Bg2 Nc4 29. Qd7 Bxb2 30. Rab1 Qc5 31. Qxb7 Rd8 32. Rxb2 Nxb2 33. Qxb2 Rd3 34. Rc1 1-0

[Event "Titled Tuesday intern op 17th Sep Early"]
[Site "Chess,com INT"]
[Date "2024.09.17"]
[Round "9"]
[White "Portero Rubio, Martin"]
[Black "Martine, Jean Christophe"]
[Result "1-0"]
[WhiteElo "2043"]
[BlackElo "2004"]
[PlyCount "77"]
[EventDate "2024.09.17"]
[EventType "swiss (blitz)"]
[EventRounds "11"]
[EventCountry "USA"]
[SourceTitle "EXT 2025"]
[Source "ChessBase"]
[SourceDate "2024.10.14"]
[SourceVersion "1"]
[SourceVersionDate "2024.10.14"]
[SourceQuality "1"]

1. e4 e5 2. Nf3 d6 3. d4 f5 4. Nc3 Nf6 5. dxe5 Nxe4 6. Bd3 d5 7. 0-0 Be7 8. Qe2 0-0 9. Nxd5 Be6 10. Nxe7+ Qxe7 11. Bxe4 fxe4 12. Qxe4 c6 13. Ng5 Bf5 14. Qc4+ Kh8 15. e6 h6 16. Nf7+ Kh7 17. Ne5 Bxe6 18. Qd3+ Bf5 19. Qg3 Re8 20. Nd3 Nd7 21. Bf4 Nf6 22. Rfe1 Ne4 23. Qe3 Qf7 24. Qd4 Rad8 25. Qb4 b6 26. Qb3 Be6 27. Qa3 Bc4 28. Bg3 c5 29. b3 Bxd3 30. cxd3 Rxd3 31. Qa6 Rd2 32. Qf1 Qf6 33. Rad1 Rxa2 34. Qd3 Qc6 35. f3 c4 36. bxc4 Qc5+ 37. Kh1 Rd2 38. Rxd2 g6 39. Rxe4 1-0

[Event "Titled Tuesday intern op 17th Sep Early"]
[Site "Chess,com INT"]
[Date "2024.09.17"]
[Round "10"]
[White "Portero Rubio, Martin"]
[Black "Vallee, Louis"]
[Result "0-1"]
[WhiteElo "2043"]
[BlackElo "2289"]
[PlyCount "52"]
[EventDate "2024.09.17"]
[EventType "swiss (blitz)"]
[EventRounds "11"]
[EventCountry "USA"]
[SourceTitle "EXT 2025"]
[Source "ChessBase"]
[SourceDate "2024.10.14"]
[SourceVersion "1"]
[SourceVersionDate "2024.10.14"]
[SourceQuality "1"]

1. e4 e5 2. Nf3 Nc6 3. Bc4 Bc5 4. b4 Bxb4 5. c3 Ba5 6. d4 exd4 7. 0-0 d6 8. cxd4 Nf6 9. d5 Ne7 10. Bg5 Bb6 11. Bxf6 gxf6 12. Nc3 Rg8 13. Nd4 Bh3 14. g3 Bxf1 15. Bxf1 Qd7 16. Bb5 c6 17. dxc6 bxc6 18. Nd5 Bxd4 19. Qxd4 Nxd5 20. exd5 cxb5 21. Qxf6 Qe7 22. Qf5 Qe5 23. Qd3 Qxa1+ 24. Kg2 Qb2 25. Qe4+ Kd8 26. Qf5 Rc8 0-1

[Event "Titled Tuesday intern op 17th Sep Late"]
[Site "Chess,com INT"]
[Date "2024.09.17"]
[Round "3"]
[White "Rodriguez, Santiago"]
[Black "Portero Rubio, Martin"]
[Result "0-1"]
[WhiteElo "2252"]
[BlackElo "2043"]
[PlyCount "74"]
[EventDate "2024.09.17"]
[EventType "swiss (blitz)"]
[EventRounds "11"]
[EventCountry "USA"]
[SourceTitle "EXT 2025"]
[Source "ChessBase"]
[SourceDate "2024.10.14"]
[SourceVersion "1"]
[SourceVersionDate "2024.10.14"]
[SourceQuality "1"]

1. d4 Nf6 2. Nc3 d5 3. Bf4 c5 4. e4 Nxe4 5. Nxe4 dxe4 6. dxc5 Qa5+ 7. Qd2 Qxd2+ 8. Bxd2 e5 9. b4 a5 10. c3 Be7 11. a4 0-0 12. Bc4 Kh8 13. Ne2 f5 14. 0-0 Nc6 15. Rfd1 f4 16. Bd5 Bf5 17. b5 Nd8 18. c6 bxc6 19. bxc6 Rc8 20. c4 Nxc6 21. Nc3 Nb4 22. Nb5 e3 23. fxe3 fxe3 24. Bxe3 Nc2 25. Bd2 Nxa1 26. Rxa1 Bd3 27. Rc1 Bc5+ 28. Kh1 Rf2 29. Bxa5 Rcf8 30. g3 Rf1+ 31. Rxf1 Rxf1+ 32. Kg2 Rf2+ 33. Kh3 Bf1+ 34. Kg4 g6 35. Bc3 h5+ 36. Kg5 Kh7 37. g4 Be7# 0-1

[Event "Titled Tuesday intern op 17th Sep Early"]
[Site "Chess,com INT"]
[Date "2024.09.17"]
[Round "3"]
[White "Valle Luis, Leo"]
[Black "Portero Rubio, Martin"]
[Result "1-0"]
[WhiteElo "2266"]
[BlackElo "2043"]
[PlyCount "71"]
[EventDate "2024.09.17"]
[EventType "swiss (blitz)"]
[EventRounds "11"]
[EventCountry "USA"]
[SourceTitle "EXT 2025"]
[Source "ChessBase"]
[SourceDate "2024.10.14"]
[SourceVersion "1"]
[SourceVersionDate "2024.10.14"]
[SourceQuality "1"]

1. e4 c5 2. Nf3 d6 3. d4 cxd4 4. Nxd4 Nf6 5. Nc3 a6 6. Bg5 e6 7. f4 Nbd7 8. Qf3 Qc7 9. 0-0-0 b5 10. a3 Rb8 11. g4 b4 12. axb4 Rxb4 13. Bxf6 gxf6 14. Nb3 Bb7 15. Bd3 Qb6 16. Rhe1 Bh6 17. Kb1 Nc5 18. Na2 Nxd3 19. Rxd3 Rc4 20. Nd2 Rd4 21. Rb3 Qc7 22. Qe3 e5 23. g5 fxg5 24. fxg5 Bg7 25. Nc3 0-0 26. Nf3 Rc4 27. Qd3 Rc8 28. Rf1 d5 29. exd5 e4 30. Nxe4 Rxc2 31. Nf6+ Bxf6 32. gxf6 Rc1+ 33. Rxc1 Qxc1+ 34. Ka2 Rc5 35. Rxb7 Ra5+ 36. Kb3 1-0

[Event "Titled Tuesday intern op 10th Sep Early"]
[Site "Chess,com INT"]
[Date "2024.09.10"]
[Round "7"]
[White "Portero Rubio, Martin"]
[Black "Kucza, Karol"]
[Result "0-1"]
[WhiteElo "2043"]
[BlackElo "2379"]
[PlyCount "108"]
[EventDate "2024.09.10"]
[EventType "swiss (blitz)"]
[EventRounds "11"]
[EventCountry "USA"]
[SourceTitle "EXT 2025"]
[Source "ChessBase"]
[SourceDate "2024.10.14"]
[SourceVersion "1"]
[SourceVersionDate "2024.10.14"]
[SourceQuality "1"]

1. e4 e5 2. Nf3 Nc6 3. Bb5 a6 4. Ba4 Nf6 5. 0-0 Nxe4 6. d4 b5 7. Bb3 d5 8. dxe5 Be6 9. c3 Bc5 10. Qd3 0-0 11. Be3 Bxe3 12. Qxe3 Na5 13. Nbd2 c5 14. Bc2 Nxd2 15. Nxd2 d4 16. Qe4 g6 17. cxd4 Bf5 18. Qe3 Bxc2 19. Qc3 Qxd4 20. Qxc2 Qxe5 21. Nf3 Qh5 22. Rac1 c4 23. Qc3 Nb7 24. Qf6 Nc5 25. Ne5 Rae8 26. Rfe1 Re6 27. Qf4 Qf5 28. Qxf5 gxf5 29. Rcd1 Rfe8 30. Nf3 Rxe1+ 31. Rxe1 Rxe1+ 32. Nxe1 Na4 33. b3 Nc3 34. bxc4 bxc4 35. a3 Nb1 36. Nc2 Kg7 37. Kf1 Kf6 38. Ke2 Ke5 39. a4 a5 40. Ne3 Kd4 41. Nxf5+ Kc5 42. Ne3 Nc3+ 43. Kd2 Nxa4 44. Kc2 Nb6 45. g4 Nd5 46. Nf5 a4 47. Nh6 f6 48. h4 a3 49. g5 fxg5 50. hxg5 Nb4+ 51. Kb1 c3 52. Nf5 c2+ 53. Kc1 a2 54. Kb2 a1Q+ 0-1

[Event "Titled Tuesday intern op 10th Sep Late"]
[Site "Chess,com INT"]
[Date "2024.09.10"]
[Round "7"]
[White "Portero Rubio, Martin"]
[Black "Lopez Abreu, Michel Samuel"]
[Result "1-0"]
[WhiteElo "2043"]
[BlackElo "2038"]
[PlyCount "67"]
[EventDate "2024.09.10"]
[EventType "swiss (blitz)"]
[EventRounds "11"]
[EventCountry "USA"]
[SourceTitle "EXT 2025"]
[Source "ChessBase"]
[SourceDate "2024.10.14"]
[SourceVersion "1"]
[SourceVersionDate "2024.10.14"]
[SourceQuality "1"]

1. e4 c6 2. Nf3 d5 3. d3 dxe4 4. dxe4 Qxd1+ 5. Kxd1 h5 6. Ne5 Nd7 7. Nd3 e5 8. Be3 Ngf6 9. f3 Bd6 10. a4 0-0 11. Nd2 Bc7 12. a5 Re8 13. Nc4 Nf8 14. c3 Be6 15. Nc5 Bc8 16. Kc2 Ne6 17. Nd3 Nf8 18. b4 Ng6 19. g3 Rd8 20. Be2 Be6 21. Nc5 Bh3 22. Nxb7 a6 23. Nxd8 Rxd8 24. Rhd1 Re8 25. Bb6 Bb8 26. Rd8 Rxd8 27. Bxd8 h4 28. Ne3 hxg3 29. hxg3 Ba7 30. Bb6 Bb8 31. Bxa6 Nh5 32. Rg1 Be6 33. Bc4 Bd7 34. a6 1-0

[Event "Titled Tuesday intern op 10th Sep Late"]
[Site "Chess,com INT"]
[Date "2024.09.10"]
[Round "1"]
[White "Portero Rubio, Martin"]
[Black "Lukiyanchuk, Vladislav"]
[Result "1-0"]
[WhiteElo "2043"]
[BlackElo "2299"]
[PlyCount "125"]
[EventDate "2024.09.10"]
[EventType "swiss (blitz)"]
[EventRounds "11"]
[EventCountry "USA"]
[SourceTitle "EXT 2025"]
[Source "ChessBase"]
[SourceDate "2024.10.14"]
[SourceVersion "1"]
[SourceVersionDate "2024.10.14"]
[SourceQuality "1"]

1. e4 Nc6 2. Nf3 d5 3. exd5 Qxd5 4. Nc3 Qa5 5. d4 Bg4 6. Bb5 0-0-0 7. Bxc6 bxc6 8. h3 Bh5 9. g4 Bg6 10. Be3 f6 11. Qe2 e5 12. 0-0-0 Bb4 13. dxe5 Bxc3 14. Rxd8+ Kxd8 15. Rd1+ Kc8 16. bxc3 Ne7 17. Qc4 Nd5 18. Qxc6 Qa3+ 19. Kd2 Be4 20. e6 Qxc3+ 21. Qxc3 Nxc3 22. Kxc3 Bxf3 23. Re1 a6 24. Bc5 Re8 25. Kd4 c6 26. c4 Bg2 27. Re3 Bf1 28. Bd6 Kb7 29. Kc5 a5 30. Bg3 Bg2 31. Kd6 Kc8 32. e7 Bxh3 33. f3 Bf1 34. Rc3 Be2 35. Ke6 h5 36. Rc2 Bd1 37. Rd2 Bxf3 38. Kf7 Rxe7+ 39. Kxe7 Bxg4 40. Kf7 g5 41. Kxf6 h4 42. Bh2 Bf3 43. Kxg5 h3 44. Kh4 Bg2 45. Kg3 Bf1 46. Kf2 Bxc4 47. Kg3 Bf1 48. Bg1 Bg2 49. Bb6 Kb7 50. Bxa5 Ka6 51. Bb4 Kb5 52. a3 c5 53. Bc3 c4 54. Rb2+ Kc5 55. Rb4 Bf1 56. Kh2 Kd5 57. a4 Ke4 58. a5 Kd3 59. Bg7 c3 60. Bxc3 Kxc3 61. Rb8 Bg2 62. a6 Kd4 63. a7 1-0

[Event "Titled Tuesday intern op 10th Sep Early"]
[Site "Chess,com INT"]
[Date "2024.09.10"]
[Round "8"]
[White "Portero Rubio, Martin"]
[Black "Saragih, Arif Rahman"]
[Result "0-1"]
[WhiteElo "2043"]
[BlackElo "2140"]
[PlyCount "68"]
[EventDate "2024.09.10"]
[EventType "swiss (blitz)"]
[EventRounds "11"]
[EventCountry "USA"]
[SourceTitle "EXT 2025"]
[Source "ChessBase"]
[SourceDate "2024.10.14"]
[SourceVersion "1"]
[SourceVersionDate "2024.10.14"]
[SourceQuality "1"]

1. e4 c5 2. Nf3 Nc6 3. d4 cxd4 4. Nxd4 Nf6 5. Nc3 e5 6. Ndb5 d6 7. Bg5 a6 8. Na3 b5 9. Nd5 Be7 10. Bxf6 Bxf6 11. c3 Bg5 12. Nc2 Rb8 13. Be2 0-0 14. Qd3 f5 15. Bf3 f4 16. 0-0 Bh6 17. Rfd1 g5 18. Qe2 Kh8 19. Ncb4 Nxb4 20. Nxb4 Rg8 21. Bg4 Rb7 22. Bxc8 Qxc8 23. Rxd6 Bf8 24. Rxa6 g4 25. Nd5 f3 26. Qe3 fxg2 27. Kxg2 Rf7 28. Rf1 Qxa6 29. a3 Rf3 30. Qe2 Qh6 31. Qxb5 Qh3+ 32. Kg1 g3 33. fxg3 Bc5+ 34. Qxc5 Rxf1# 0-1

[Event "Titled Tuesday intern op 10th Sep Late"]
[Site "Chess,com INT"]
[Date "2024.09.10"]
[Round "3"]
[White "Sitbon, Itay"]
[Black "Portero Rubio, Martin"]
[Result "1-0"]
[WhiteElo "2187"]
[BlackElo "2043"]
[PlyCount "73"]
[EventDate "2024.09.10"]
[EventType "swiss (blitz)"]
[EventRounds "11"]
[EventCountry "USA"]
[SourceTitle "EXT 2025"]
[Source "ChessBase"]
[SourceDate "2024.10.14"]
[SourceVersion "1"]
[SourceVersionDate "2024.10.14"]
[SourceQuality "1"]

1. Nf3 Nf6 2. g3 b5 3. a4 b4 4. Bg2 Bb7 5. 0-0 e6 6. d4 c5 7. c4 cxd4 8. Nxd4 Bxg2 9. Kxg2 Be7 10. b3 0-0 11. Bb2 d5 12. Nd2 dxc4 13. Nxc4 Qd5+ 14. Nf3 Nc6 15. Qc2 Rac8 16. Rad1 Qc5 17. Qb1 h6 18. Kg1 Na5 19. Nxa5 Qxa5 20. Ne5 Qc5 21. Bd4 Qc2 22. Bxa7 Qxe2 23. Rfe1 Qh5 24. Bd4 Rfd8 25. a5 Bd6 26. h4 Bxe5 27. Rxe5 Qg4 28. Qd3 Rc3 29. Qd2 Ne4 30. Qf4 Qxd1+ 31. Kg2 Rxd4 32. Rxe4 Rxe4 33. Qxe4 Rc1 34. Qa8+ Kh7 35. Kh2 Qh1+ 36. Qxh1 Rxh1+ 37. Kxh1 1-0

[Event "Titled Tuesday intern op 20th Aug Late"]
[Site "Chess.com INT"]
[Date "2024.08.20"]
[Round "10"]
[White "Portero Rubio, Martin"]
[Black "Schulz, Michael"]
[Result "0-1"]
[WhiteElo "2180"]
[BlackElo "2109"]
[PlyCount "82"]
[EventDate "2024.08.20"]
[EventType "swiss (blitz)"]
[EventRounds "11"]
[EventCountry "USA"]
[SourceTitle "EXT 2025"]
[Source "ChessBase"]
[SourceDate "2024.10.14"]
[SourceVersion "1"]
[SourceVersionDate "2024.10.14"]
[SourceQuality "1"]

1. e4 c5 2. Nf3 Nc6 3. d4 cxd4 4. Nxd4 g6 5. c4 Bg7 6. Be3 Nf6 7. Nc3 0-0 8. Be2 d6 9. 0-0 Bd7 10. Qd2 Nxd4 11. Bxd4 Bc6 12. f3 Nd7 13. Bf2 a5 14. b3 Nc5 15. Rab1 Qb6 16. a3 Qc7 17. Bd1 Rfc8 18. Bc2 a4 19. b4 Nb3 20. Bxb3 axb3 21. Rxb3 Ba4 22. Nxa4 Rxa4 23. Rc1 Rca8 24. Qd3 e6 25. c5 d5 26. exd5 exd5 27. Qxd5 Rxa3 28. Rxa3 Rxa3 29. Bg3 Qe7 30. Rd1 Bf6 31. Bf2 Qe2 32. Re1 Qd3 33. Qxd3 Rxd3 34. Rb1 Rc3 35. Kf1 Rc2 36. Re1 Rb2 37. Re8+ Kg7 38. Be1 Rb1 39. Re4 h5 40. Kf2 Rb2+ 41. Re2 Rb3 0-1

[Event "Titled Tuesday intern op 13th Aug Late"]
[Site "Chess.com INT"]
[Date "2024.08.13"]
[Round "1"]
[White "Portero Rubio, Martin"]
[Black "Munoz, Francisco Javier"]
[Result "0-1"]
[WhiteElo "2180"]
[BlackElo "2389"]
[PlyCount "56"]
[EventDate "2024.08.13"]
[EventType "swiss (blitz)"]
[EventRounds "11"]
[EventCountry "USA"]
[SourceTitle "EXT 2025"]
[Source "ChessBase"]
[SourceDate "2024.10.14"]
[SourceVersion "1"]
[SourceVersionDate "2024.10.14"]
[SourceQuality "1"]

1. e4 e5 2. Nf3 Nc6 3. Bb5 a6 4. Ba4 Nge7 5. Nc3 g6 6. d4 exd4 7. Nd5 Nxd5 8. exd5 Qe7+ 9. Qe2 Qxe2+ 10. Kxe2 Nb4 11. Bb3 a5 12. a3 Na6 13. Nxd4 Bg7 14. Be3 0-0 15. c3 d6 16. f3 Nc5 17. Bc2 b6 18. Rad1 a4 19. Rhe1 Bd7 20. Kf2 h6 21. g4 Rae8 22. h3 Re7 23. Bf4 Rfe8 24. Rxe7 Rxe7 25. Re1 Rxe1 26. Kxe1 h5 27. Kd2 Be5 28. Be3 h4 0-1

[Event "Titled Tuesday intern op 06th Aug Early"]
[Site "Chess.com INT"]
[Date "2024.08.06"]
[Round "9"]
[White "Bagwe, Gaurang"]
[Black "Portero Rubio, Martin"]
[Result "1-0"]
[WhiteElo "2248"]
[BlackElo "2180"]
[PlyCount "69"]
[EventDate "2024.08.06"]
[EventType "swiss (blitz)"]
[EventRounds "11"]
[EventCountry "USA"]
[SourceTitle "EXT 2025"]
[Source "ChessBase"]
[SourceDate "2024.10.14"]
[SourceVersion "1"]
[SourceVersionDate "2024.10.14"]
[SourceQuality "1"]

1. d4 Nf6 2. c4 e6 3. g3 c5 4. Nf3 cxd4 5. Nxd4 d5 6. Bg2 e5 7. Nc2 d4 8. 0-0 Nc6 9. f4 e4 10. Nd2 Bf5 11. g4 Bxg4 12. Nxe4 Nxe4 13. Bxe4 Bc5 14. b4 d3+ 15. bxc5 dxc2 16. Qxc2 Qd4+ 17. e3 Qxa1 18. Bb2 Qxa2 19. Ra1 Qxa1+ 20. Bxa1 0-0-0 21. Bxc6 bxc6 22. Bd4 f5 23. Qg2 Kd7 24. h3 h5 25. hxg4 hxg4 26. Qa2 Rh3 27. Qxa7+ Ke6 28. Qxg7 Rg3+ 29. Kf2 Rf3+ 30. Ke2 Ra8 31. Qf6+ Kd7 32. Qd6+ Kc8 33. Qxc6+ Kb8 34. Be5+ Ka7 35. Qb6# 1-0

[Event "Titled Tuesday intern op 06th Aug Early"]
[Site "Chess.com INT"]
[Date "2024.08.06"]
[Round "11"]
[White "Hald Falkesgaard, Jeppe"]
[Black "Portero Rubio, Martin"]
[Result "0-1"]
[WhiteElo "2276"]
[BlackElo "2180"]
[PlyCount "82"]
[EventDate "2024.08.06"]
[EventType "swiss (blitz)"]
[EventRounds "11"]
[EventCountry "USA"]
[SourceTitle "EXT 2025"]
[Source "ChessBase"]
[SourceDate "2024.10.14"]
[SourceVersion "1"]
[SourceVersionDate "2024.10.14"]
[SourceQuality "1"]

1. d4 Nf6 2. Bg5 e6 3. Nc3 h6 4. Bh4 g5 5. Bg3 Nh5 6. e4 Nxg3 7. hxg3 Bg7 8. Bd3 d6 9. Nf3 Nd7 10. Qe2 Qe7 11. 0-0-0 a6 12. e5 d5 13. g4 c5 14. dxc5 Nxc5 15. Kb1 Bd7 16. Nd4 Nxd3 17. Rxd3 0-0-0 18. g3 Kb8 19. f4 f6 20. exf6 Qxf6 21. f5 Rhe8 22. Qd2 e5 23. Nxd5 Qd6 24. Nb3 e4 25. Re3 Bc6 26. c4 Bxd5 27. Rd1 Qe5 28. cxd5 Rxd5 29. Rc3 Rxd2 30. Rxd2 e3 31. Re2 Qxg3 32. Rd3 Qxg4 33. Rdxe3 Rxe3 34. Rxe3 Qg1+ 35. Kc2 Qxe3 36. Nd2 Qc5+ 37. Kd3 Qxf5+ 38. Ne4 g4 39. b3 Qf3+ 40. Kc4 Qxe4+ 41. Kc5 Qd4# 0-1